[Event "Leutersdorf Sparkasse op 13th"]
[Site "Leutersdorf"]
[Date "2009.02.14"]
[Round "4"]
[White "Hurtig, Frank"]
[Black "Tschoerner, Walter"]
[Result "1-0"]
[WhiteElo "1781"]
[BlackElo "1439"]
[PlyCount "77"]
[EventDate "2009.02.13"]
[EventType "swiss"]
[EventRounds "7"]
[EventCountry "GER"]
[SourceTitle "CBM 128 Extra"]
[Source "ChessBase"]
[SourceDate "2009.03.05"]
[SourceVersion "2"]
[SourceVersionDate "2009.03.25"]
[SourceQuality "1"]

1. c4 Nf6 2. Nc3 g6 3. g3 c6 4. Bg2 Bg7 5. Nf3 d6 6. 0-0 Nbd7 7. Qc2 Nb6 8. b3 e5 9. Bb2 Bf5 10. e4 Bg4 11. h3 Bxf3 12. Bxf3 Qd7 13. Kh2 h5 14. Bg2 g5 15. Ne2 c5 16. f4 exf4 17. gxf4 g4 18. h4 0-0-0 19. Kg3 Ne8 20. d4 Qe7 21. e5 Kb8 22. dxc5 dxc5 23. Rad1 Rxd1 24. Rxd1 Qc7 25. Qe4 Rh6 26. Rd8+ Nc8 27. Rxe8 Re6 28. Rxe6 fxe6 29. Ba3 Bf8 30. Nc3 a6 31. Na4 Qc6 32. Qxc6 bxc6 33. Bxc5 Bxc5 34. Nxc5 Ne7 35. Be4 Nf5+ 36. Bxf5 exf5 37. Ne6 Kc8 38. Ng7 Kd7 39. Nxf5 1-0

[Event "Leutersdorf Sparkasse op 13th"]
[Site "Leutersdorf"]
[Date "2009.02.14"]
[Round "5"]
[White "Tschoerner, Walter"]
[Black "Roessler, Katharina"]
[Result "1-0"]
[WhiteElo "1439"]
[BlackElo "1357"]
[PlyCount "71"]
[EventDate "2009.02.13"]
[EventType "swiss"]
[EventRounds "7"]
[EventCountry "GER"]
[SourceTitle "CBM 128 Extra"]
[Source "ChessBase"]
[SourceDate "2009.03.05"]
[SourceVersion "2"]
[SourceVersionDate "2009.03.25"]
[SourceQuality "1"]

1. Nf3 g6 2. c4 Nf6 3. Nc3 Bg7 4. g3 d6 5. Bg2 0-0 6. 0-0 e5 7. e4 Be6 8. d3 Qc8 9. Ng5 Bd7 10. Nd5 Nxd5 11. cxd5 h6 12. Nf3 Bh3 13. Ne1 Bxg2 14. Kxg2 Nd7 15. Be3 f5 16. exf5 Rxf5 17. Qd2 Qf8 18. Rc1 Rc8 19. g4 Rf7 20. g5 hxg5 21. Bxg5 Bf6 22. h4 c6 23. Rh1 Nc5 24. dxc6 bxc6 25. Be3 Ne6 26. Nf3 Nd4 27. Bxd4 exd4 28. Ng5 Re7 29. Rce1 Rce8 30. Rxe7 Qxe7 31. Ne4 Bxh4 32. Qh6 Bf6 33. Qxg6+ Bg7 34. Nxd6 Rd8 35. Nf5 Qf7 36. Nh6+ 1-0

[Event "Leutersdorf Sparkasse op 11th"]
[Site "Leutersdorf"]
[Date "2007.02.16"]
[Round "2"]
[White "Tschoerner, Walter"]
[Black "Schiessl, Hanns"]
[Result "1-0"]
[WhiteElo "1638"]
[BlackElo "1417"]
[PlyCount "75"]
[EventDate "2007.02.16"]
[EventType "swiss"]
[EventRounds "7"]
[EventCountry "GER"]
[SourceTitle "CBM 117 Extra"]
[Source "ChessBase"]
[SourceDate "2007.05.09"]
[SourceVersion "1"]
[SourceVersionDate "2007.05.09"]
[SourceQuality "1"]

1. Nf3 Nc6 2. c4 Nf6 3. g3 e5 4. d3 Bc5 5. Bg2 e4 6. dxe4 Nxe4 7. 0-0 Qf6 8. Qd5 Qe6 9. a3 0-0 10. b4 Be7 11. Bb2 Re8 12. e3 Bf6 13. Bxf6 Qxf6 14. Nd4 Re5 15. Bxe4 Rxd5 16. Bxd5 Nxd4 17. exd4 c6 18. Re1 g6 19. Re8+ Kg7 20. Bg2 Qxd4 21. Ra2 Qxc4 22. Rae2 d5 23. Bf1 Qc1 24. Re1 Qb2 25. Bh3 f5 26. R8e7+ Kf6 27. R7e2 Qb3 28. Re3 Qc2 29. R3e2 Qc4 30. Bf1 Qg4 31. Re8 h5 32. f4 a5 33. bxa5 c5 34. a6 c4 35. Nc3 d4 36. Nd5+ Kg7 37. R1e7+ Kh6 38. Nf6 1-0